01422nam a2200325Ia 4500001001200000003000800012006001900020007001500039008004100054010001700095020003600112020003500148020001800183040002100201035002000222050002400242100003100266245013000297260006000427300002400487504006400511533015200575650004500727650005200772650005500824650004500879655002900924710001700953856012600970ebr10351463CaPaEBRm u cr cn|||||||||960903s1997 wiua sb s001 0 eng d z 96043666  z0299154602 (cloth : alk. paper) z0299154645 (pbk. : alk. paper) z9780299154646 aCaPaEBRcCaPaEBR a(OCoLC)4496172214aJK1896b.M38 1997eb1 aMarshall, Susan E.,d1950-10aSplintered sisterhoodh[electronic resource] :bgender and class in the campaign against woman suffrage /cSusan E. Marshall. aMadison, Wis. :bUniversity of Wisconsin Press,cc1997. axii, 347 p. :bill. aIncludes bibliographical references (p. 300-332) and index. aElectronic reproduction.bPalo Alto, Calif. :cebrary,d2010.nAvailable via World Wide Web.nAccess may be limited to ebrary affiliated libraries. 0aSocial conflictzUnited StatesxHistory. 0aUpper classxPolitical activityzUnited States. 0aWomen political activistszUnited StatesxHistory. 0aWomenxSuffragezUnited StatesxHistory. 7aElectronic books.2local2 aebrary, Inc.40uhttp://site.ebrary.com/lib/rucke/Doc?id=10351463zAn electronic book accessible through the World Wide Web; click to view